| 000 | 00698nam a22002057a 4500 | ||
|---|---|---|---|
| 003 | LK-CoDNM | ||
| 005 | 20241030095134.0 | ||
| 008 | 241025b |||||||| |||| 00| 0 eng d | ||
| 040 |
_aLK-CoDNM _dLK-CoDNM _eLK-CoDNM |
||
| 041 | _asin | ||
| 080 |
_aප්ර.ව _b61 |
||
| 100 | _aපෙරේරා ආර් .සී | ||
| 245 |
_aවෙසක් රසය _b3 - කලාපය _cක්රි.ව 1952 මැයි 9 දින |
||
| 300 | _a48P. ; 21 CM | ||
| 650 | _aප්ර.ව 61 | ||
| 650 | _aපෙරේරා ආර් .සී | ||
| 650 | _aක්රි.ව 1952 මැයි 9 දින | ||
| 650 | _aවෙසක් රසය | ||
| 942 | _cBK | ||
| 999 |
_c224866 _d224866 |
||